<?xml version="1.0" encoding="UTF-8"?>
<record
    xmlns:xsi="http://www.w3.org/2001/XMLSchema-instance"
    xsi:schemaLocation="http://www.loc.gov/MARC21/slim http://www.loc.gov/standards/marcxml/schema/MARC21slim.xsd"
    xmlns="http://www.loc.gov/MARC21/slim">

  <leader>00591caa a22001572a 4500</leader>
  <controlfield tag="001">  013143</controlfield>
  <controlfield tag="003">  AR-FADEU</controlfield>
  <controlfield tag="008">  311216n########xxu####################dd</controlfield>
  <datafield tag="092" ind1=" " ind2=" ">
    <subfield code="a">823.8</subfield>
    <subfield code="b">W671n</subfield>
  </datafield>
  <datafield tag="100" ind1=" " ind2=" ">
    <subfield code="a">Wilde, Oscar</subfield>
  </datafield>
  <datafield tag="245" ind1=" " ind2=" ">
    <subfield code="a">El principe feliz</subfield>
  </datafield>
  <datafield tag="300" ind1=" " ind2=" ">
    <subfield code="a">PP. 431-444</subfield>
  </datafield>
  <datafield tag="500" ind1=" " ind2=" ">
    <subfield code="a">En: Novelas y cuentos, teatro, poemas en prosa, ensayos, cartas y otros escritos / Oscar Wilde. Madrid : EDAF, 1969</subfield>
  </datafield>
  <datafield tag="942" ind1=" " ind2=" ">
    <subfield code="c">BDGR</subfield>
  </datafield>
  <datafield tag="773" ind1="0" ind2=" ">
    <subfield code="0">18514</subfield>
    <subfield code="9">19084</subfield>
    <subfield code="a">Wilde, Oscar</subfield>
    <subfield code="b"></subfield>
    <subfield code="d">Madrid</subfield>
    <subfield code="o">04322</subfield>
    <subfield code="t">Novelas y cuentos, teatro, poemas en prosa, ensayos, cartas y otros escritos</subfield>
    <subfield code="w">(  AR-FADEU)  012746</subfield>
    <subfield code="x"></subfield>
    <subfield code="z"></subfield>
  </datafield>
  <datafield tag="999" ind1=" " ind2=" ">
    <subfield code="c">18911</subfield>
    <subfield code="d">18911</subfield>
  </datafield>
</record>
